[Event "Sitges op 47th"]
[Site "Sitges"]
[Date "2023.07.28"]
[Round "7"]
[White "Md, Bashiq Imrose"]
[Black "Gual Pascual, Antonio"]
[Result "0-1"]
[WhiteElo "1771"]
[BlackElo "2355"]
[PlyCount "114"]
[EventDate "2023.07.22"]
[EventType "swiss"]
[EventRounds "9"]
[EventCountry "ESP"]
[SourceTitle "CBM 215 Extra"]
[Source "ChessBase"]
[SourceDate "2023.09.30"]
[SourceVersion "1"]
[SourceVersionDate "2023.09.30"]
[SourceQuality "1"]

1. Nf3 f5 2. b3 d6 3. d4 g6 4. Bb2 Bg7 5. c4 Nf6 6. g3 0-0 7. Bg2 Qe8 8. 0-0 Na6 9. Nbd2 e5 10. dxe5 Ng4 11. h3 Nxe5 12. Nxe5 dxe5 13. Qc2 Qe7 14. a3 h5 15. b4 c5 16. b5 Nc7 17. Nf3 e4 18. Bxg7 Kxg7 19. Qc3+ Qf6 20. Qxf6+ Kxf6 21. Ne1 Be6 22. Rc1 Rad8 23. f3 exf3 24. Nxf3 b6 25. e4 fxe4 26. Nd4+ Kg7 27. Rxf8 Rxf8 28. Nxe6+ Nxe6 29. Re1 Ng5 30. a4 Nf3+ 31. Bxf3 Rxf3 32. Rxe4 Kf6 33. Kg2 Ra3 34. h4 Kf5 35. Rf4+ Ke5 36. Kf2 Rxa4 37. Ke2 Ra2+ 38. Kf3 Ra3+ 39. Kg2 a6 40. bxa6 Rxa6 41. Rf8 Ra4 42. Rg8 Rxc4 43. Rxg6 b5 44. Rg5+ Ke4 45. g4 Rc2+ 46. Kg3 b4 47. gxh5 b3 48. Rg6 Rd2 49. Re6+ Kd5 50. Rb6 Kc4 51. h6 Kc3 52. h7 Rd8 53. Kg4 Rh8 54. Rb7 b2 55. Kg5 Rxh7 56. Rxh7 b1Q 57. h5 Qxh7 0-1

[Event "Sitges op 47th"]
[Site "Sitges"]
[Date "2023.07.22"]
[Round "1"]
[White "Comellas Blanchart, Jordi"]
[Black "Gual Pascual, Antonio"]
[Result "0-1"]
[WhiteElo "1986"]
[BlackElo "2355"]
[PlyCount "30"]
[EventDate "2023.07.22"]
[EventType "swiss"]
[EventRounds "9"]
[EventCountry "ESP"]
[SourceTitle "CBM 215 Extra"]
[Source "ChessBase"]
[SourceDate "2023.09.30"]
[SourceVersion "1"]
[SourceVersionDate "2023.09.30"]
[SourceQuality "1"]

1. d4 f5 2. c4 Nf6 3. Nc3 d6 4. Nf3 g6 5. g3 Bg7 6. Bg2 0-0 7. 0-0 Qe8 8. Re1 Qf7 9. Ng5 Qxc4 10. e4 fxe4 11. d5 Bg4 12. Qc2 c6 13. Ngxe4 Nxd5 14. Nd2 Nb4 15. Qa4 Qd4 0-1

[Event "Sant Miquel Olerdola op 14th"]
[Site "Sant Miquel Olerdola"]
[Date "2023.05.26"]
[Round "7"]
[White "Vinas Racionero, Josep Claudi"]
[Black "Gual Pascual, Antonio"]
[Result "1-0"]
[WhiteElo "2026"]
[BlackElo "2358"]
[PlyCount "87"]
[EventDate "2023.04.14"]
[EventType "swiss"]
[EventRounds "8"]
[EventCountry "ESP"]
[SourceTitle "EXT 2024"]
[Source "ChessBase"]
[SourceDate "2023.10.10"]
[SourceVersion "1"]
[SourceVersionDate "2023.10.10"]
[SourceQuality "1"]

1. d4 f5 2. e4 fxe4 3. Nc3 Nf6 4. Bg5 Nc6 5. d5 Ne5 6. Qd4 Nf7 7. Bxf6 exf6 8. 0-0-0 f5 9. f3 Bd6 10. fxe4 Be5 11. Qc4 Nd6 12. Qd3 Bxc3 13. Qxc3 Qg5+ 14. Kb1 fxe4 15. Qxc7 Qe7 16. Re1 0-0 17. Nf3 b5 18. Nd4 a6 19. Bd3 Re8 20. Rhf1 Bb7 21. Nf5 Nxf5 22. Rxe4 Qf7 23. Qxb7 Nd6 24. Rxf7 Nxb7 25. Rfe7 Rxe7 26. Rxe7 Nc5 27. b4 Nxd3 28. cxd3 d6 29. Rd7 Rf8 30. Rxd6 Rf1+ 31. Kb2 Rf2+ 32. Kc3 Rxa2 33. Kd4 Kf7 34. Rd7+ Kf6 35. Ra7 h5 36. Kc5 g5 37. d6 Rxg2 38. Rh7 Rc2+ 39. Kd5 Rc8 40. d7 Ra8 41. Kd6 a5 42. Kc7 axb4 43. d8Q+ Rxd8 44. Kxd8 1-0

[Event "Barcelona Martorell-ch 37th"]
[Site "Barcelona"]
[Date "2019.09.21"]
[Round "2"]
[White "Cots Valls, Jordi"]
[Black "Gual Pascual, Antonio"]
[Result "0-1"]
[WhiteElo "1676"]
[BlackElo "2337"]
[PlyCount "58"]
[EventDate "2019.09.14"]
[EventType "swiss"]
[EventRounds "9"]
[EventCountry "ESP"]
[SourceTitle "CBM 193 Extra"]
[Source "ChessBase"]
[SourceDate "2020.01.31"]
[SourceVersion "1"]
[SourceVersionDate "2020.01.31"]
[SourceQuality "1"]

1. c4 g6 2. d4 Bg7 3. e4 d6 4. Nc3 Nf6 5. h3 0-0 6. Be3 e5 7. d5 Na6 8. Qd2 Nc5 9. Bd3 Nxd3+ 10. Qxd3 c6 11. Nge2 cxd5 12. cxd5 Ne8 13. g4 Bd7 14. b4 f5 15. gxf5 gxf5 16. f3 fxe4 17. fxe4 Qh4+ 18. Kd1 Rf3 19. Kc2 Rc8 20. Kb2 Bh6 21. Rhg1+ Kh8 22. Bg5 Qf2 23. Qc2 Bxg5 24. Rxg5 Nf6 25. Rag1 Bxh3 26. R1g3 Rxg3 27. Rxg3 Bg4 28. Qd3 Rxc3 29. Kxc3 Bxe2 0-1

[Event "Barcelona Martorell-ch 37th"]
[Site "Barcelona"]
[Date "2019.09.14"]
[Round "1"]
[White "Gual Pascual, Antonio"]
[Black "Torrents Busquet, Marti"]
[Result "1-0"]
[WhiteElo "2337"]
[BlackElo "1979"]
[PlyCount "51"]
[EventDate "2019.09.14"]
[EventType "swiss"]
[EventRounds "9"]
[EventCountry "ESP"]
[SourceTitle "CBM 193 Extra"]
[Source "ChessBase"]
[SourceDate "2020.01.31"]
[SourceVersion "1"]
[SourceVersionDate "2020.01.31"]
[SourceQuality "1"]

1. d4 d6 2. e4 Nf6 3. Bd3 e5 4. c3 h6 5. Nf3 Nc6 6. h3 Bd7 7. 0-0 g5 8. dxe5 dxe5 9. Nh2 Ne7 10. Qb3 Qc8 11. Nd2 Ng6 12. Bc4 Rh7 13. Re1 Bc5 14. Ndf1 Nf4 15. Ng3 a6 16. Be3 Bd6 17. a4 h5 18. Rad1 Bc6 19. Nf3 g4 20. Ng5 Qd7 21. Nxh7 Nxh7 22. Nf5 Bxa4 23. Qxb7 Bc6 24. Nxd6+ cxd6 25. Qxd7+ Kxd7 26. hxg4 1-0

[Event "Barcelona Sants op 21st"]
[Site "Barcelona"]
[Date "2019.08.29"]
[Round "7"]
[White "Riera Montano, Ramon"]
[Black "Gual Pascual, Antonio"]
[Result "0-1"]
[WhiteElo "2160"]
[BlackElo "2337"]
[PlyCount "126"]
[EventDate "2019.08.23"]
[EventType "swiss"]
[EventRounds "10"]
[EventCountry "ESP"]
[SourceTitle "EXT 2020"]
[Source "ChessBase"]
[SourceDate "2019.10.17"]
[SourceVersion "1"]
[SourceVersionDate "2019.10.17"]
[SourceQuality "1"]

1. d4 g6 2. c4 Bg7 3. Nc3 d6 4. e4 e5 5. Nge2 Nd7 6. Be3 Ne7 7. f3 0-0 8. g4 a6 9. h4 exd4 10. Nxd4 Ne5 11. Be2 c5 12. Nc2 Be6 13. Nd5 b5 14. b3 bxc4 15. bxc4 f5 16. gxf5 gxf5 17. Bg5 Bxd5 18. Bxe7 Qxe7 19. Qxd5+ Kh8 20. Rb1 fxe4 21. fxe4 Qf6 22. Kd1 Ng6 23. Rb3 Nf4 24. Qg5 Nxe2 25. Qxf6 Rxf6 26. Kxe2 Re8 27. Rb6 Rxe4+ 28. Kd3 Re8 29. Rh3 Bh6 30. Rg3 a5 31. Ra6 Rf1 32. Ne3 Bxe3 33. Rxe3 Rd1+ 34. Ke2 Rxe3+ 35. Kxe3 Rd4 36. Rxa5 Rxc4 37. Ra6 Rd4 38. a4 Kg7 39. a5 Kf6 40. Ra7 Rxh4 41. a6 Ra4 42. Rxh7 Rxa6 43. Rh5 Ke6 44. Kd3 Ra4 45. Kc3 d5 46. Rh6+ Kd7 47. Kc2 Re4 48. Kd3 Re6 49. Rh8 Rg6 50. Kc2 Kd6 51. Rc8 Rg5 52. Kd2 c4 53. Kc2 Ke5 54. Rh8 Rg3 55. Rh4 d4 56. Kc1 Rg1+ 57. Kc2 Rg2+ 58. Kc1 c3 59. Rh3 Ke4 60. Rh4+ Kd3 61. Rh3+ Kc4 62. Rh4 Kb3 63. Rxd4 Rg1+ 0-1

[Event "Catalunya-chT Gp2"]
[Site "Barcelona"]
[Date "2019.02.09"]
[Round "4.2"]
[White "Peralta, Fernando"]
[Black "Gual Pascual, Antonio"]
[Result "1/2-1/2"]
[WhiteElo "2580"]
[BlackElo "2362"]
[PlyCount "94"]
[EventDate "2019.01.19"]
[EventType "team-tourn"]
[EventRounds "7"]
[EventCountry "ESP"]
[SourceTitle "CBM 188 Extra"]
[Source "ChessBase"]
[SourceDate "2019.02.26"]
[SourceVersion "1"]
[SourceVersionDate "2019.02.26"]
[SourceQuality "1"]
[WhiteTeam "Barcelona Escola Escacs"]
[BlackTeam "Cerdanyola Valles"]
[WhiteTeamCountry "ESP"]
[BlackTeamCountry "ESP"]

1. d4 d5 2. c4 c6 3. Nf3 Nf6 4. Nc3 dxc4 5. a4 Bf5 6. e3 e6 7. Bxc4 Bb4 8. 0-0 Nbd7 9. Qe2 Bg6 10. e4 0-0 11. Bd3 Bh5 12. e5 Nd5 13. Nxd5 cxd5 14. Qe3 Re8 15. Bd2 Qa5 16. Qe1 Bxd2 17. Qxd2 Qxd2 18. Nxd2 Nb8 19. Bb5 Nc6 20. Rfc1 Rab8 21. Nb3 a6 22. Bf1 f6 23. exf6 gxf6 24. Rc5 Re7 25. f3 Be8 26. Rc3 e5 27. Rd1 Rd8 28. Kf2 Nb4 29. a5 Ba4 30. Rd2 Bxb3 31. Rxb3 Nc6 32. dxe5 fxe5 33. Rc3 e4 34. fxe4 Rf8+ 35. Rf3 dxe4 36. Rxf8+ Kxf8 37. Ke3 Nxa5 38. Rd4 Rc7 39. Ra4 Rc1 40. Be2 Nc6 41. Rxe4 Rb1 42. Rh4 Rxb2 43. Rxh7 a5 44. Bf3 a4 45. Bxc6 bxc6 46. Ra7 Rxg2 47. Rxa4 Rxh2 1/2-1/2

[Event "Sitges Sunway op-A 5th"]
[Site "Sitges"]
[Date "2018.12.19"]
[Round "6"]
[White "Vocaturo, Daniele"]
[Black "Gual Pascual, Antonio"]
[Result "1-0"]
[WhiteElo "2629"]
[BlackElo "2357"]
[PlyCount "127"]
[EventDate "2018.12.14"]
[EventType "swiss"]
[EventRounds "10"]
[EventCountry "ESP"]
[SourceTitle "CBM 187 Extra"]
[Source "ChessBase"]
[SourceDate "2018.11.04"]
[SourceVersion "1"]
[SourceVersionDate "2018.11.04"]
[SourceQuality "1"]

1. e4 g6 2. d4 Bg7 3. Nc3 d6 4. f4 a6 5. Nf3 Nd7 6. Bc4 e6 7. f5 exf5 8. exf5 Nb6 9. fxg6 hxg6 10. Bb3 Ne7 11. Bg5 f6 12. Bf4 d5 13. Qe2 g5 14. Bg3 0-0 15. 0-0-0 Nf5 16. Bf2 c6 17. g4 Nd6 18. Rdg1 Re8 19. Qd1 a5 20. a4 Be6 21. h4 Ne4 22. Be1 Bf7 23. hxg5 Nxg5 24. Nxg5 fxg5 25. Qd3 Re6 26. Qh7+ Kf8 27. Rf1 Qd6 28. Bd2 Rae8 29. Bxg5 Nd7 30. Qf5 Nf6 31. Bh4 Qd7 32. Rf4 Kg8 33. Rhf1 Rf8 34. Qd3 Nh7 35. Kb1 Bg6 36. Rxf8+ Nxf8 37. Qd2 Re8 38. Bf6 Bxf6 39. Rxf6 Qxg4 40. Rf1 Re7 41. Ka2 Rf7 42. Re1 Qf4 43. Re3 Kg7 44. Ne2 Qg5 45. Qc3 Re7 46. Rg3 Qh4 47. Ng1 Re4 48. Rg2 Qe1 49. Qh3 Re3 50. Qh2 Qd1 51. Rd2 Qe1 52. Rf2 Rxb3 53. Kxb3 Qb4+ 54. Ka2 Qxa4+ 55. Kb1 Qxd4 56. Nf3 Qd1+ 57. Ka2 Bxc2 58. Rxc2 Qxf3 59. Rf2 Qe4 60. Qc7+ Kh6 61. Rh2+ Kg6 62. Qg3+ Kf7 63. Rf2+ Ke7 64. Qg7+ 1-0

[Event "Sitges Sunway op-A 5th"]
[Site "Sitges"]
[Date "2018.12.17"]
[Round "4"]
[White "Gordievsky, Dmitry"]
[Black "Gual Pascual, Antonio"]
[Result "1/2-1/2"]
[WhiteElo "2614"]
[BlackElo "2357"]
[PlyCount "83"]
[EventDate "2018.12.14"]
[EventType "swiss"]
[EventRounds "10"]
[EventCountry "ESP"]
[SourceTitle "CBM 187 Extra"]
[Source "ChessBase"]
[SourceDate "2018.11.04"]
[SourceVersion "1"]
[SourceVersionDate "2018.11.04"]
[SourceQuality "1"]

1. Nf3 g6 2. d4 Bg7 3. c4 d6 4. Nc3 Nd7 5. e4 e5 6. Be2 Ngf6 7. 0-0 0-0 8. Qc2 Nh5 9. Rd1 Nf4 10. Bxf4 exf4 11. h3 c6 12. Rab1 Re8 13. b4 h6 14. c5 dxc5 15. bxc5 b6 16. cxb6 axb6 17. Bc4 b5 18. Bb3 Nb6 19. Ne2 Nc4 20. Bxc4 bxc4 21. Qxc4 Rxe4 22. Qxc6 Bf5 23. Rb2 Re6 24. Qb5 Be4 25. Qb3 Bd5 26. Qd3 Be4 27. Qd2 Bxf3 28. gxf3 g5 29. Kg2 Rea6 30. Rc2 Ra3 31. d5 Qd7 32. Ng1 R8a4 33. Qe2 Bd4 34. Rcd2 Qxd5 35. Qe8+ Kg7 36. Qc8 Qc5 37. Qd7 Bc3 38. Rd5 Qa7 39. Qxa7 Rxa7 40. R1d3 Bb4 41. Rxa3 Rxa3 42. Rb5 1/2-1/2

[Event "Martorell op 36th"]
[Site "Martorell"]
[Date "2018.11.10"]
[Round "8"]
[White "Gual Pascual, Antonio"]
[Black "Gomez Jurado, Luis Alberto"]
[Result "1-0"]
[WhiteElo "2394"]
[BlackElo "2235"]
[PlyCount "111"]
[EventDate "2018.09.15"]
[EventType "swiss"]
[EventRounds "9"]
[EventCountry "ESP"]
[SourceTitle "CBM 189 Extra"]
[Source "ChessBase"]
[SourceDate "2019.06.03"]
[SourceVersion "1"]
[SourceVersionDate "2019.06.03"]
[SourceQuality "1"]

1. Nf3 d5 2. d4 Nf6 3. c4 c6 4. Qc2 e6 5. g3 Be7 6. Bg2 0-0 7. 0-0 dxc4 8. Qxc4 b5 9. Qc2 Bb7 10. Rd1 Nbd7 11. Nc3 Qb6 12. a4 a6 13. a5 Qa7 14. e4 b4 15. Na4 c5 16. e5 Nd5 17. Bg5 cxd4 18. Rxd4 Nxe5 19. Rh4 Ng6 20. Bxe7 Ndxe7 21. Rxb4 Rac8 22. Qd2 Rfd8 23. Rd4 Rxd4 24. Qxd4 Qxd4 25. Nxd4 Bxg2 26. Kxg2 Rc4 27. Nb3 Nc6 28. Nac5 Rc2 29. Nxa6 Nge5 30. Nac5 Rxb2 31. a6 Na7 32. Rd1 h5 33. Rd8+ Kh7 34. Rb8 Ra2 35. h3 g5 36. Rb7 Nac6 37. Nxe6 Rxa6 38. Nxg5+ Kg6 39. h4 Ra2 40. Nc5 Rc2 41. Nd7 f6 42. Nf8+ Kf5 43. Nh3 Ng4 44. Nd7 Nd4 45. Rb4 Ne3+ 46. Kh1 Rc1+ 47. Ng1 Nec2 48. Rb6 Ne6 49. Rc6 Rd1 50. Rxc2 Rxd7 51. Kg2 Rd3 52. Ra2 Kg6 53. Ra6 Nc7 54. Ra5 Nd5 55. Nh3 Rd1 56. Rxd5 1-0

[Event "Martorell op 36th"]
[Site "Martorell"]
[Date "2018.09.22"]
[Round "2"]
[White "Gual Pascual, Antonio"]
[Black "Soidan Parcerisas, Manel"]
[Result "1-0"]
[WhiteElo "2394"]
[BlackElo "1845"]
[PlyCount "33"]
[EventDate "2018.09.15"]
[EventType "swiss"]
[EventRounds "9"]
[EventCountry "ESP"]
[SourceTitle "CBM 189 Extra"]
[Source "ChessBase"]
[SourceDate "2019.06.03"]
[SourceVersion "1"]
[SourceVersionDate "2019.06.03"]
[SourceQuality "1"]

1. d4 e5 2. d5 Bc5 3. Nc3 d6 4. g3 c6 5. Bg2 Nf6 6. Nf3 cxd5 7. Nxd5 Nxd5 8. Qxd5 Qb6 9. 0-0 Be6 10. Qd3 f6 11. Nd2 Nc6 12. c3 Qc7 13. b4 Bxb4 14. cxb4 Nxb4 15. Qb5+ Nc6 16. Nc4 a6 17. Qxb7 1-0

[Event "Vilafranca del Penedes op 12th"]
[Site "Vilafranca del Penedes"]
[Date "2018.05.25"]
[Round "8"]
[White "Gual Pascual, Antonio"]
[Black "Gallego Bergada, Antoni"]
[Result "1/2-1/2"]
[WhiteElo "2389"]
[BlackElo "2152"]
[PlyCount "73"]
[EventDate "2018.04.06"]
[EventType "swiss"]
[EventRounds "8"]
[EventCountry "ESP"]
[SourceTitle "CBM 184 Extra"]
[Source "ChessBase"]
[SourceDate "2018.06.28"]
[SourceVersion "1"]
[SourceVersionDate "2018.06.28"]
[SourceQuality "1"]

1. d4 Nf6 2. c4 c5 3. d5 e6 4. Nc3 exd5 5. cxd5 d6 6. Nf3 g6 7. Bg5 Bg7 8. e3 0-0 9. Nd2 a6 10. a4 Nbd7 11. Be2 Re8 12. 0-0 Qc7 13. h3 Rb8 14. Kh1 h6 15. Bf4 Ne5 16. Bg3 g5 17. Bxe5 Rxe5 18. Nc4 Re8 19. a5 Ne4 20. Nxe4 Rxe4 21. Bd3 Rh4 22. f4 g4 23. e4 Qe7 24. Qe1 gxh3 25. g3 Rg4 26. Kh2 h5 27. Be2 Qxe4 28. Qf2 Bd4 29. Qf3 Qg6 30. f5 Qg5 31. Qd3 Rh4 32. Rac1 Bd7 33. Qf3 Be5 34. Rc2 Re8 35. b4 Kg7 36. Rd2 Re7 37. bxc5 1/2-1/2

[Event "Vilafranca del Penedes op 12th"]
[Site "Vilafranca del Penedes"]
[Date "2018.04.27"]
[Round "4"]
[White "Gual Pascual, Antonio"]
[Black "Rafols Albet, Josep"]
[Result "1-0"]
[WhiteElo "2389"]
[BlackElo "1984"]
[PlyCount "81"]
[EventDate "2018.04.06"]
[EventType "swiss"]
[EventRounds "8"]
[EventCountry "ESP"]
[SourceTitle "CBM 184 Extra"]
[Source "ChessBase"]
[SourceDate "2018.06.28"]
[SourceVersion "1"]
[SourceVersionDate "2018.06.28"]
[SourceQuality "1"]

1. d4 d5 2. c4 e6 3. Nc3 Nf6 4. cxd5 exd5 5. Bg5 Be7 6. e3 c6 7. Bd3 Bg4 8. Qb3 b6 9. h3 Bh5 10. Nge2 Bg6 11. Nf4 Bxd3 12. Nxd3 0-0 13. Bxf6 Bxf6 14. 0-0 Qd6 15. a4 Nd7 16. a5 g5 17. Qa3 Qe6 18. axb6 axb6 19. Qxa8 Rxa8 20. Rxa8+ Kg7 21. Ne2 Be7 22. Rfa1 Qe4 23. Ne1 Bd6 24. Nc3 Qe6 25. Nf3 Qf5 26. R8a7 Nf8 27. Rb7 Ng6 28. Rxb6 h5 29. Rxc6 g4 30. Rxd6 gxf3 31. Rxd5 Qc2 32. Rb1 Ne7 33. Re5 Qg6 34. g3 Nc6 35. Re4 f5 36. Rf4 Ne7 37. d5 h4 38. Rxh4 Qa6 39. Rf4 Qd3 40. Rxf3 Nxd5 41. Rd1 1-0

[Event "Catalunya-ch"]
[Site "Vila Seca"]
[Date "2018.03.23"]
[Round "1.2"]
[White "Gual Pascual, Antonio"]
[Black "Narciso Dublan, Marc"]
[Result "0-1"]
[WhiteElo "2389"]
[BlackElo "2466"]
[PlyCount "94"]
[EventDate "2018.03.22"]
[EventType "k.o."]
[EventRounds "4"]
[EventCountry "ESP"]
[SourceTitle "CBM 183 Extra"]
[Source "ChessBase"]
[SourceDate "2018.04.19"]
[SourceVersion "1"]
[SourceVersionDate "2018.04.19"]
[SourceQuality "1"]

1. d4 d5 2. Bf4 Nf6 3. e3 Bg4 4. Nf3 e6 5. Nbd2 Be7 6. h3 Bxf3 7. Qxf3 0-0 8. Bd3 c5 9. c3 Qb6 10. Rb1 Nbd7 11. 0-0 Bd6 12. Bxd6 Qxd6 13. Bc2 Rac8 14. Rfd1 b5 15. dxc5 Qxc5 16. e4 b4 17. exd5 Nxd5 18. Ba4 N7b6 19. cxb4 Qxb4 20. Bb3 a5 21. a3 Qb5 22. Ne4 Rc7 23. Qd3 Qxd3 24. Rxd3 Rb8 25. Kh2 Kf8 26. Rd4 Ke7 27. Nd2 Nf6 28. Nf3 Nc8 29. Bd1 Nd5 30. Nd2 Nd6 31. Ra4 Rcb7 32. Rxa5 Rxb2 33. Rxb2 Rxb2 34. Nf1 Rxf2 35. Ng3 Ne3 36. Bf3 Ra2 37. Ra7+ Kf6 38. a4 Nec4 39. Ne4+ Nxe4 40. Bxe4 h5 41. h4 Ne5 42. Kg3 g5 43. hxg5+ Kxg5 44. Ra8 h4+ 45. Kh3 Ra3+ 46. Bf3 Nxf3 47. Rg8+ Kf5 0-1

[Event "Catalunya-ch"]
[Site "Vila Seca"]
[Date "2018.03.22"]
[Round "1.1"]
[White "Narciso Dublan, Marc"]
[Black "Gual Pascual, Antonio"]
[Result "0-1"]
[WhiteElo "2466"]
[BlackElo "2389"]
[PlyCount "94"]
[EventDate "2018.03.22"]
[EventType "k.o."]
[EventRounds "4"]
[EventCountry "ESP"]
[SourceTitle "CBM 183 Extra"]
[Source "ChessBase"]
[SourceDate "2018.04.19"]
[SourceVersion "1"]
[SourceVersionDate "2018.04.19"]
[SourceQuality "1"]

1. d4 g6 2. e4 Bg7 3. c4 d6 4. Nc3 e5 5. d5 Nd7 6. Bd3 Ne7 7. h4 Nf6 8. Bg5 c6 9. Nge2 0-0 10. Ng3 cxd5 11. cxd5 Bd7 12. h5 h6 13. Bd2 g5 14. Qb3 Qb8 15. a4 b6 16. Nd1 a6 17. f3 Bc8 18. Ne3 Nd7 19. Qa3 a5 20. 0-0 Nc5 21. Bc2 Bd7 22. Rfb1 Qc7 23. b4 axb4 24. Qxb4 Rfb8 25. Ra3 Qd8 26. Nc4 Nc8 27. Be3 Rb7 28. Bxc5 dxc5 29. Qd2 Qf6 30. Qd1 Ne7 31. Nf1 b5 32. axb5 Rxa3 33. Nxa3 g4 34. Ne3 Qg5 35. Qe2 gxf3 36. Qxf3 Nc8 37. Bd3 c4 38. Naxc4 Bf8 39. d6 Nxd6 40. Na5 Ra7 41. Nd5 Kg7 42. Nc6 Ra3 43. Qf1 Nxe4 44. Rc1 Ng3 45. Qe1 Rxd3 46. Nb6 Qxc1 47. Qxc1 Ne2+ 0-1